| 000 | nam a22 a 4500 | ||
|---|---|---|---|
| 999 |
_c1922 _d1922 |
||
| 005 | 20170512121031.0 | ||
| 008 | 170512b1983 enk||||| |||| 00| 0 eng d | ||
| 020 |
_a0420468609 _c £16.50 |
||
| 040 | _aAKMAL | ||
| 082 | _a345.73 WIL | ||
| 090 |
_a345.73 _bWIL |
||
| 100 |
_aWilliams, Glanville Llewelyn _d1911-1997. _93997 |
||
| 245 | 1 | 0 |
_aTextbook of criminal law /. _cby Glanville Williams. |
| 250 | _a2nd ed. | ||
| 260 |
_aLondon _bStevens _c1983. |
||
| 300 |
_axlvii,1007p. _c24cm |
||
| 500 | _aIncludes index. | ||
| 650 |
_aCriminal law _zGreat Britain. _93987 |
||
| 852 |
_aBritish Library _bHMNTS |
||
| 852 |
_aBritish Library _bDSC |
||
| 942 |
_2ddc _cBOOK |
||